00605nam a2200181Ia 4500008004100000020001500041041001200056082001600068100001100084245006500095260004800160300000800208650000800216700001700224942000700241999001500248952016000263221030s9999 xx 000 0 und d a0852261500 aEnglish a105.23bDas aJ. Das 0aPrinciples of Digital Communciationcby J. Das, S.K. Mullick bNew Age International Pub.aNew Delhic2001 a645 aECE aS.K. Mullick cBK c3309d3309 pBE 5504g220.00l0o105.23 Dasr2024-06-13 00:00:00w2022-10-30yBK003Print4070aMIETLIBbMIETLIBcBL-First, FL-1, CUP-14, SH-2, R-2d2002-06-1510HBE